| LEADER |
00892nam0a2200229 450 |
| 001 |
16863860 |
| 010 |
|
|
|a 978-2-36834-143-8
|b rel.
|d 11,9
|
| 100 |
|
|
|a 20241030d2022 u u0frey01 ba
|
| 101 |
0 |
|
|a fre
|
| 102 |
|
|
|a FR
|
| 200 |
0 |
|
|a Perceval
|e l'enfance d'un rêveur
|f Anne Ferrier, Christelle Le Guen
|
| 207 |
|
1 |
|a
|
| 210 |
|
|
|a Châteaulin (Finistère)
|c Locus solus
|d 2022
|
| 215 |
|
|
|a 1 vol. (31 p.)
|c ill. en coul.
|d 26 cm
|
| 225 |
1 |
|
|a Collection La Table ronde
|
| 330 |
|
|
|a Les aventures drôlement incroyables du jeune Perceval futur chevalier de la Table Ronde, racontées et illustrées avec brio pour les enfants.
|
| 461 |
|
0 |
|t Collection La Table ronde
|
| 700 |
|
0 |
|a Ferrier
|b Anne
|f 1975-....
|4 70
|
| 701 |
|
0 |
|a Le Guen
|b Christelle
|f 1969-....
|4 70
|
| 900 |
|
|
|a Conte
|
| 901 |
|
|
|a Jeunesse
|
| 995 |
|
|
|a Médiathèque
|c Médiathèque
|f 089020577
|h 089020577
|k C FER
|o p
|q j
|r az
|e Médiathèque
|